LEADER 01422nam--2200397---450- 001 990001867750203316 005 20040722084733.0 010 $a3-540-00168-9 035 $a000186775 035 $aUSA01000186775 035 $a(ALEPH)000186775USA01 035 $a000186775 100 $a20040722d2002----km-y0itay0103----ba 101 0 $aeng 102 $aDE 105 $aa|||||||001yy 200 1 $aAdvances in plan-based control of robotic agents$einternational seminar$eDagstuhl Castle, Germany, October 21-26, 2001$erevised papers$fMichael Beetz ... [et al.] (Eds.) 210 $aBerlin [etc.]$cSpringer$dcopyr. 2002 215 $aVIII, 289 p.$cill.$d24 cm. 225 2 $aLecture notes in artificial intelligence$v2466 300 $aSerie principale: Lecture notes in computer science 410 0$12001$aLecture notes in artificial intelligence$v2466 454 1$12001 461 1$1001-------$12001 610 0 $aRobotica 676 $a629.892 702 1$aBEETZ,$bMichael 710 12$aInternational seminar on advances in plan-based control of robotic agents <2001 ; Dagstuhl Castle, Germany>$0564584 801 0$aIT$bsalbc$gISBD 912 $a990001867750203316 951 $a006.3 LNIA 2466$b0028607/CBS$c006.3$d00113425 959 $aBK 969 $aSCI 979 $aRIVELLI$b90$c20040722$lUSA01$h0847 996 $aAdvances in plan-based control of robotic agents$9954691 997 $aUNISA LEADER 01818nam0 2200409 i 450 001 VAN0127078 005 20230627092343.186 017 70$2N$a9783030335366 100 $a20200224d2019 |0itac50 ba 101 $aeng 102 $aCH 105 $a|||| ||||| 200 1 $aNonlinear Water Waves$eAn Interdisciplinary Interface$fDavid Henry ?$bet al.] editors 210 $aCham$cBirkhäuser$d2019 215 $ax, 216 p.$cill.$d24 cm 410 1$1001VAN0124113$12001 $aTutorials, Schools, and Workshops in the Mathematical Sciences$1210 $aCham$cBirkhäuser 500 1$3VAN0236931$aNonlinear Water Waves : An Interdisciplinary Interface$91412586 606 $a76Bxx$xIncompressible inviscid fluids [MSC 2020]$3VANC020659$2MF 606 $a76Uxx$xRotating fluids [MSC 2020]$3VANC023524$2MF 606 $a35J57$xBoundary value problems for second-order elliptic systems [MSC 2020]$3VANC030892$2MF 610 $aAnalysis$9KW:K 610 $aInterdisciplinary$9KW:K 610 $aNonlinear$9KW:K 610 $aNumerical computations$9KW:K 610 $aPartial differential equations$9KW:K 610 $aWater waves$9KW:K 620 $aCH$dCham$3VANL001889 702 1$aHenry$bDavid$3VANV098506 712 $aBirkhäuser $3VANV108193$4650 801 $aIT$bSOL$c20230630$gRICA 856 4 $uhttp://doi.org/10.1007/978-3-030-33536-6$zE-book ? Accesso al full-text attraverso riconoscimento IP di Ateneo, proxy e/o Shibboleth 899 $aBIBLIOTECA DEL DIPARTIMENTO DI MATEMATICA E FISICA$1IT-CE0120$2VAN08 912 $fN 912 $aVAN0127078 950 $aBIBLIOTECA DEL DIPARTIMENTO DI MATEMATICA E FISICA$d08CONS e-book 1689 $e08eMF1689 20200224 996 $aNonlinear water waves$91412586 997 $aUNICAMPANIA LEADER 02478nam0 2200529 i 450 001 VAN0126881 005 20230626023033.363 017 70$2N$a9783030222857 100 $a20200218d2019 |0itac50 ba 101 $aeng 102 $aCH 105 $a|||| ||||| 200 1 $aFrontiers in Stochastic Analysis?BSDEs, SPDEs and their Applications$eEdinburgh, July 2017 Selected, Revised and Extended Contributions$fSamuel N. Cohen ?$bet al.] editors 210 $aCham$cSpringer$d2019 215 $aix, 300 p.$cill.$d24 cm 410 1$1001VAN0102574$12001 $aSpringer proceedings in mathematics & statistics$1210 $aBerlin [etc.]$cSpringer$v289 500 1$3VAN0236777$aFrontiers in Stochastic Analysis?BSDEs, SPDEs and their Applications$91732479 606 $a60Hxx$xStochastic analysis [MSC 2020]$3VANC019765$2MF 606 $a60G55$xPoint processes (e.g., Poisson, Cox, Hawkes processes) [MSC 2020]$3VANC024268$2MF 606 $a60Axx$xFoundations of probability theory [MSC 2020]$3VANC024385$2MF 606 $a91Bxx$xMathematical economics [MSC 2020]$3VANC024654$2MF 610 $aBSDEs World Symposium$9KW:K 610 $aEnlargement of filtration$9KW:K 610 $aFiltering$9KW:K 610 $aForward Utility$9KW:K 610 $aMartingale representation$9KW:K 610 $aMathematical Finance$9KW:K 610 $aMcKean Equations$9KW:K 610 $aOption pricing$9KW:K 610 $aPartial differential equations$9KW:K 610 $aPath Dependence$9KW:K 610 $aQuantitative Finance$9KW:K 610 $aSPDEs$9KW:K 610 $aStochastic Controls$9KW:K 610 $aUncertainty$9KW:K 620 $aCH$dCham$3VANL001889 702 1$aCohen$bSamuel N.$3VANV087292 712 12$aInternational workshop on BSDEs, SPDEs, and applications$f2017$eEdinburgh$3VANV098296 712 $aSpringer $3VANV108073$4650 801 $aIT$bSOL$c20240614$gRICA 856 4 $uhttp://doi.org/10.1007/978-3-030-22285-7$zE-book ? Accesso al full-text attraverso riconoscimento IP di Ateneo, proxy e/o Shibboleth 899 $aBIBLIOTECA DEL DIPARTIMENTO DI MATEMATICA E FISICA$1IT-CE0120$2VAN08 912 $fN 912 $aVAN0126881 950 $aBIBLIOTECA DEL DIPARTIMENTO DI MATEMATICA E FISICA$d08CONS e-book 1587 $e08eMF1587 20200218 996 $aFrontiers in Stochastic Analysis?BSDEs, SPDEs and their Applications$91732479 997 $aUNICAMPANIA